Νεοναζιστικός παγανισμός και Ορθόδοξη Εκκλησία : παρεμβάσεις και τεκμήρια

Αποθηκεύτηκε σε:
Λεπτομέρειες βιβλιογραφικής εγγραφής
Άλλοι συγγραφείς: Ζουμπουλάκης, Σταύρος, 1953-
Μορφή: Βιβλίο
Γλώσσα:Greek
Δημοσίευση: Αθήνα : Άρτος Ζωής, 2013
Θέματα:
Ετικέτες: Προσθήκη ετικέτας
Δεν υπάρχουν, Καταχωρήστε ετικέτα πρώτοι!

MARC

LEADER 00000cam a2200000 i 4500
001 1/46277
008 140428s2013 gr ||| | gre||
020 |a 978-960-8053-41-0 
035 |l 10117449 
040 |a GR-MY-UA  |b gre  |e aacr 
041 0 |a gre 
082 0 |a 320.53309495  |2 (23) 
245 1 0 |a Νεοναζιστικός παγανισμός και Ορθόδοξη Εκκλησία :  |b παρεμβάσεις και τεκμήρια /  |c επιμέλια Σταύρος Ζουμπουλάκης 
260 |a Αθήνα :   |b Άρτος Ζωής,   |c 2013 
300 |a 173 σ.;  |c 21 εκ. 
500 |a "Τα κείμενα προέρχονται από την εκδήλωση που διοργάνωσε ο Αρτος Ζωής στίς 26 Νοεμβρίου στη Νομική Σχολή του Πανεπιστημίου Αθηνών" -- σ.9 
650 0 0 |a Right-wing extremists  |z Greece. 
650 0 0 |a Religion and politics  |z Greece. 
650 0 0 |a Nationalism  |z Greece. 
700 1 |a Ζουμπουλάκης, Σταύρος,   |d 1953- 
852 |a INST  |b LESVOS  |e 20140428  |h 320.53309495 NEO  |p 005100054036  |q 005100054036  |t BK  |y 0 
901 |a BIBL1-2014-1 
909 |a Λ  |b 188823 
970 |a ΤΖΑΦΕΡΗ  |b ΕΥΑΓΓΕΛΙΑ  |z 2014/04/28